Small business management <an> entrepreneurial emphasis

Saved in:
Bibliographic Details
Main Author: Longenecker, Justin G.
Format: Book
Language:English
Published: Mason Thomson/South-Western 2006
Subjects:
Tags: Add Tag
No Tags, Be the first to tag this record!

MARC

LEADER 00000nam$a2200000$$$4500
001 0050413
005 20240306135954.7
020 |a 0-324-32339-5 
041 0 |a eng 
044 |a US 
245 1 0 |a Small business management  |b <an> entrepreneurial emphasis  |c Justin G. Longenecker ... [et al.] 
264 1 |a Mason  |b Thomson/South-Western  |c 2006 
300 |a xxi, 530 s. 
610 2 0 |a riadenie podnikové 
610 2 0 |a podnik malý 
610 2 0 |a podnikanie 
610 2 0 |a plán podnikateľský 
610 2 0 |a manažment 
610 2 0 |a riadenie ľudských zdrojov 
610 2 0 |a riziko podnikateľské 
610 2 0 |a risk management 
100 1 |a Longenecker, Justin G.